Pays de A à Z - Image - Statistiques

Statistiques générales
  • Ce quiz a été pris 198 fois
  • Le résultat moyen est 18 sur 24
Statistiques - réponses
Par images Réponse % Correct
Canada
99%
France
99%
Australie
98%
Japon
96%
Danemark
93%
Irlande
91%
Hongrie
88%
Qatar
87%
Bangladesh
78%
Uruguay
78%
Koweit
75%
Yemen
72%
Mali
71%
Zambie
71%
Oman
70%
Paraguay
69%
Rwanda
69%
Libye
66%
Eswatini
65%
Turkménistan
63%
Vanuatu
60%
Nauru
58%
Guinée Equatoriale
53%
Sao tomé & Principe
37%
Aucun quiz correspondant
Distribution des résultats
% des personnes avec chaque résultat
Percentile par nombre de réponses
Votre historique - résultats
Vous n’avez pas pris ce quiz